000
00261nam a2200121Ia 4500
100
_a
Dept of Humanities
650
_a
Communication skills
942
_c
BK
245
_a
Communication Skills -Sem II
260
_b
#N/A
_c
2013
546
_a
ENGLISH
999
_c
18567
_d
18567